Evaluación post-empadronamiento de la cobertura en los censos de población /
En este artículo se analizan los procedimientos más comunes que se aplican, una vez finalizado el empadronamiento, para determinar la omisión censal: la evaluación directa mediante encuestas de post-enumeración y la evaluación indirecta a partir del análisis de la información del propio censo y de i...
Gespeichert in:
| 1. Verfasser: | |
|---|---|
| Format: | Text |
| Schlagworte: | |
| Tags: |
Tag hinzufügen
Keine Tags, Fügen Sie den ersten Tag hinzu!
|
MARC
| LEADER | 00000 a a2200000 04500 | ||
|---|---|---|---|
| 001 | 44293 | ||
| 003 | |||
| 040 | |||
| 100 | |a Chackiel, Juan | ||
| 245 | |a Evaluación post-empadronamiento de la cobertura en los censos de población / |c Juan Chackiel | ||
| 520 | |a En este artículo se analizan los procedimientos más comunes que se aplican, una vez finalizado el empadronamiento, para determinar la omisión censal: la evaluación directa mediante encuestas de post-enumeración y la evaluación indirecta a partir del análisis de la información del propio censo y de información colateral ya existente. | ||
| 590 | |a RRH/MAYO2013 | ||
| 650 | |a CENSO | ||
| 650 | |a ESTADISTICA | ||
| 650 | |a MUESTREO | ||
| 650 | |a POBLACION | ||
| 773 | |g volumen37, número91 (2010), páginas 43-71: tablas | ||
| 999 | |c 20968 |d 20968 | ||
